Normal view MARC view
  • Landscape Design Trust

Entry Corporate Name

Number of records used in: 2

001 - CONTROL NUMBER

  • control field: 5226

003 - CONTROL NUMBER IDENTIFIER

  • control field: SIRSI

005 - DATE AND TIME OF LATEST TRANSACTION

  • control field: 20190806150241.0

008 - FIXED-LENGTH DATA ELEMENTS

  • fixed length control field: 070619n| aaannaabn |n ana d

040 ## - CATALOGING SOURCE

  • Original cataloging agency: OSt
  • Transcribing agency: OSt

110 2# - HEADING--CORPORATE NAME

  • Corporate name or jurisdiction name as entry element: Landscape Design Trust

670 ## - SOURCE DATA FOUND

  • Source citation: Green Places, 2003-